Miasta w USA z największą liczbą wieżowców - Statystyki

Ogólne statystyki
  • Ten quiz został rozwiązany 23 razy
  • Średni wynik to 11 z 18
Statystyki odpowiedzi
# Miasto % Poprawnych
319 Nowy Jork
100%
138 Chicago
91%
30 Los Angeles
91%
41 Houston
82%
64 Miami
82%
20 Dallas
77%
25 Boston
68%
16 Las Vegas
68%
17 Philadelphia
68%
26 San Francisco
68%
22 Seattle
64%
17 Atlanta
45%
8 Detroit
45%
11 Austin
41%
8 Denver
41%
8 Charlotte
27%
11 Minneapolis
14%
10 Pittsburgh
14%
Nie znaleziono quizów pasujących do podanych kryteriów
Rozkład punktacji
Procent ludzi z każdym wynikiem
Percentyl według liczby udzielonych odpowiedzi
Twoja historia wyników
Nie rozwiązałeś tego quizu